| 000 | 00473nam a22001817a 4500 | ||
|---|---|---|---|
| 003 | OSt | ||
| 005 | 20130603140533.0 | ||
| 008 | 130603s2005 sp ||||| |||| 00| 0 spa d | ||
| 020 | _a842703170X | ||
| 040 | _cCDMR | ||
| 100 |
_93640 _aMolina, Vis |
||
| 245 | 1 | 4 |
_aLos Godó _b: los últimos 125 años de Barcelona _cVis Molina |
| 260 |
_aMadrid _bMartínez Roca _c2005 |
||
| 300 | _a262 p. | ||
| 490 | 0 | _aMR Biografías | |
| 600 | 3 |
_93641 _aGodó (Família) |
|
| 942 |
_2udc _cMON |
||
| 999 |
_c6391 _d6391 |
||